Это реальная личность? №4 - Внезапная смерть - Statistics

General Stats
  • This quiz has been taken 30 times
  • The average score is 8 of 11
Answers on the Grid
Answers color-coded by a green-red scale on the quiz's grid according to % correct below.
Илон Маск
Хирохито
Абрахам Ван Хельсинг
Вито Скалетта
Маргарет Тэтчер
Хироюки Савано
Ума Турман
Джонни Кейдж
Чак Берри
Будда Шакьямуни
Эми Роуз
Маттео Фальконе
Ванесса Мэй
Максим Горький
Фродо Бэггинс
Ринго Старр
Филип Джей Фрай
Николай Склифосовский
Марла Зингер
Серсея Ланнистер
 
Answer Stats
Answer % Correct
Илон Маск
94%
Маргарет Тэтчер
88%
Хирохито
76%
Ума Турман
76%
Максим Горький
76%
Чак Берри
65%
Будда Шакьямуни
65%
Ринго Старр
65%
Николай Склифосовский
65%
Ванесса Мэй
59%
Хироюки Савано
29%
No matching quizzes found
Score Distribution
Percent of People with Each Score
Percentile by Number Answered
Your Score History
You have not taken this quiz